Statistiques concernant Evénements du 22 octobre

Cliquez ici pour prendre le quiz!

Statistiques générales

  • Ce quiz a été pris 31 fois
  • Le résultat moyen est 7 sur 15

Statistiques - réponses

HintRéponse% Correct
Naissance de Catherine Deneuve1943
92%
Guy Moquet est fusillé avec 26 autres otages1941
83%
Mort de Charles Martel741
71%
Naissance de Guillaume IX d'Aquitaine1071
63%
Indépendance du Laos1953
63%
Naissance de Georges Brassens1921
58%
Jean-Paul Sartre refuse le Nobel de littérature1964
58%
Thomas Edison invente l'ampoule électrique1879
54%
Bataille de Vigo1702
38%
Naissance de Franz Liszt1811
33%
Mort de Paul Cézanne1906
33%
Naissance du photographe Robert Capa1913
25%
Naissance du poète Leconte de Lisle1818
17%
Naissance de la résistante Raymonde Tillon1915
17%
1er saut en parachute de l'histoire1797
13%

Distribution des résultats

Percentile par nombre de réponses

% des personnes avec chaque résultat

Votre développement - résultats

Vous n’avez pas pris ce quiz